000 07117nam a22005657a 4500
005 20120209154327.0
010 _aB-473758-783
020 _c95.00
_a9788189020125
035 _aB-473758-783
037 _bब्लूबेरी बुक्स
082 _a
100 _aसारंग देव मूर्ति
_950856
245 _aभाग गया टिल्लू पिल्ला /
_cसारंग देव मूर्ति;बिंदिया थापर द्वारा चित्रांकित;राखी एम सोमन द्वारा अनुदित
250 _a5वां संस्क
260 _aनई दिल्ली
_bकथा
_c2011
270 _aए-3 सर्वोदय एनक्लेव, श्री औरोबिन्दो मार्ग
_bनई दिल्ली
_e110017
300 _aअ.पृ.
_bसचित्र
_c25सेमी (अजिल्द)
700 _aबिसवास, सोनाली
_941293
700 _941305
_aराखी एम सोमन
700 _941360
942 _2ddc
_cCH
_h
_mसारंग
999 _c62429
_d62429